000 01129cab a2200301 4500
001 WB2947-09
008 090401t1993 xxu||||| |||| 00| 0 eng d
035 _a(Sirsi) u5317
041 _aeng
245 _aMaking a home at the office
260 _c1993
350 _a0
490 _aFinancial Times
_v11 December 1993, WX
490 _aConstruction News
_v(6345) 16 December 1993, 2
490 _aPlanning (for the Natural and Built Environment)
_v(1049) 17 december 1993, 6(4)
520 _aReports on projects to convert offices back to residential use, particularly in Mayfair where many buildings are subject to Temporary Office Permissions (TPO)s. At the same time a report by the Joseph Rowntree Foundation calls for the conversion of empty London offices into social housing.
650 _aCONVERSION
650 _aGROSVENOR ESTATE
650 _aJOSEPH ROWNTREE FOUNDATION
650 _aMAYFAIR
650 _aOFFICES
650 _aRESIDENTIAL USE
650 _aTEMPORARY OFFICE PERMISSIONS
650 _aWESTMINSTER CC
690 _aPROPERTY-COMMERCIAL PROPERTY
942 _n0
948 _c04/03/1997
999 _c3165
_d3165